[Event "DEN-chT XtraCon 2018-19"]
[Site "Denmark"]
[Date "2019.02.24"]
[Round "7.4"]
[White "Rewitz, Poul"]
[Black "Palm, Nikolaj"]
[Result "0-1"]
[WhiteElo "2233"]
[BlackElo "2277"]
[Annotator "TA"]
[PlyCount "54"]
[EventDate "2018.10.27"]
[EventType "team-tourn"]
[EventCountry "DEN"]
[SourceTitle "playchess.com"]
[Source "ChessBase"]
[SourceQuality "1"]

{[%evp 14,54,8,-3,0,0,10,-8,0,-29,-26,-20,-20,-72,-76,-80,-84,-81,-93,-82,-80,-106,-96,-132,-102,-217,-240,-519,-512,-760,-781,-760,-753,-757,-708,-708,-708,-708,-708,-1085,-1073,-924,-726]} 1. Nf3 d5 2. g3 Nf6 3. Bg2 e6 4. O-O Be7 5. b3 O-O 6. Bb2 b6 7. c4 Bb7 8. Ne5 c5 {A14: English Opening: 1...e6 with b3 by White} 9. d4 Qc8 (9... Qc7 {feels hotter.} 10. dxc5 dxc4 11. Bxb7 Qxb7 12. Nxc4 Rd8) 10. dxc5 Bxc5 {The position is equal.} 11. Nc3 {[%cal Rc4d5]} dxc4 12. Bxb7 Qxb7 13. bxc4 $146 (13. Nxc4 $11 {remains equal.} Nc6 14. Qd3) ({Predecessor:} 13. Nxc4 Nc6 14. e3 Nb4 {½-½ (65) Izeta Txabarri,F (2525)-Maric,A (2460) Las Palmas 1996}) 13... Nc6 $17 14. Nd3 Be7 15. Qa4 Rfd8 16. Rfd1 Rac8 17. Rab1 Nd4 18. c5 bxc5 19. Ba3 {[#]} (19. Ba1 $17 Qa8 20. f3) 19... Qa8 $1 $19 20. Rb2 $2 (20. Qa6 {was worth a try.}) 20... Ne4 {Black is clearly winning.} 21. Nb5 Nxb5 22. Qxb5 Nc3 {[%mdl 64] Double Attack} 23. Qb3 Nxd1 24. Qxd1 Bf6 25. Rd2 c4 26. Nc5 Rxd2 27. Qxd2 Qd5 {Accuracy: White = 31%, Black = 75%.} 0-1

[Event "DEN-chT XtraCon 2018-19"]
[Site "Denmark"]
[Date "2019.02.24"]
[Round "7.5"]
[White "Danielsen, Henrik"]
[Black "Ostergaard, Jens"]
[Result "1-0"]
[WhiteElo "2491"]
[BlackElo "2204"]
[Annotator "TA"]
[PlyCount "170"]
[EventDate "2018.10.27"]
[EventType "team-tourn"]
[EventCountry "DEN"]
[SourceTitle "playchess.com"]
[Source "ChessBase"]
[SourceQuality "1"]

{[%evp 18,170,0,-5,8,23,31,18,20,-30,21,-37,18,24,49,49,51,0,0,0,12,13,46,12,45,-32,29,18,36,33,39,0,0,0,0,0,0,0,0,-9,-18,-18,0,0,0,0,16,0,0,0,0,-9,-9,-9,-9,-9,-9,-9,-10,-21,-21,-45,-7,-50,0,0,0,0,0,0,0,0,0,0,0,0,0,0,0,0,0,0,33,0,0,0,0,0,0,0,45,45,92,66,80,66,66,66,66,47,47,47,66,47,66,47,47,47,47,47,47,46,46,46,46,46,145,145,430,430,425,414,428,411,414,414,414,430,428,428,428,428,428,428,421,414,414,412,414,406,381,375,401,386,366,339,388,390,451,451,902,854,902,902,29985]} 1. Nf3 Nf6 2. g3 b6 3. Bg2 Bb7 4. O-O e6 5. b3 Be7 6. Bb2 O-O 7. d3 d5 8. Nbd2 c5 9. e3 Nc6 {A05: Réti Opening: 1 Nf3 Nf6} 10. Qe2 {LiveBook: 12 Games} a5 11. a4 Qc7 {White has an edge.} 12. Rad1 $146 ({Predecessor:} 12. e4 dxe4 13. dxe4 e5 14. c3 Ba6 15. Nc4 Ne8 16. Qe3 b5 17. axb5 Bxb5 {½-½ (68) Payen,A (2376)-Koskela,N (2182) Helsinki 2000}) 12... e5 13. c4 Rad8 (13... d4 $142 $1) 14. Ne1 (14. cxd5 $11 Nxd5 15. Nc4) 14... Nb4 ({Black should try} 14... d4 $1 $15) 15. cxd5 $11 Bxd5 16. Bxd5 Nfxd5 17. Nc4 (17. e4 $14 Nf6 18. Nc4) 17... Nc6 18. Nc2 {[%cal Be1c2,Bc2a3,Ba3b5][%mdl 32]} Rfe8 19. N2a3 Bf8 20. Nb5 Qb8 21. Qf3 (21. e4 $14 Nc7 22. f4) 21... f6 (21... g6 $15) 22. h4 Ncb4 23. e4 Nc7 24. Nxc7 Qxc7 25. h5 Qc6 26. Rd2 Qe6 27. Kg2 Nc6 28. g4 h6 29. Qf5 Rb8 30. Qxe6+ Rxe6 31. Ra1 Nd4 32. Ra3 Ree8 33. Kg3 Ne6 34. Kf3 Red8 35. Ke3 Rd7 36. Ra1 Nf4 37. f3 Bd6 38. Rc1 Bc7 39. Rc3 Bd8 40. Rd1 Bc7 41. Bc1 Rbd8 42. Nb2 Rb8 (42... Kf7 {is more complex.} 43. Kf2 Bb8 44. Be3 Ke6 45. Kf1 Bc7) 43. Kf2 Ne6 44. Be3 Bd8 45. Nc4 Bc7 46. Na3 Rbd8 47. Nb5 Kf7 48. Ke2 Bb8 49. Rc2 Rc8 50. Rf1 (50. d4 $5) 50... Rcd8 51. Rd2 Bd6 52. Rdd1 Bb8 (52... Rc8 {feels hotter.} 53. Rc1 Rb8 54. Bd2 Be7 55. Be3 Rbd8) 53. Nc3 (53. Rg1 {looks sharper.} Bc7 54. Rh1 Bd6 55. Rc1 Rc8 56. Rhd1) 53... Nd4+ (53... Rc8 {with more complications.} 54. Rg1 Bd6 55. Kf2 Nd8 56. Ra1 Rb8) 54. Bxd4 Rxd4 55. Rd2 Ke6 56. Nb5 R4d7 57. Na3 Bc7 58. Nc4 Rb8 59. Kd1 Bd6 60. Kc2 Bc7 61. Kc3 b5 62. axb5 Rxb5 63. Ra2 Rd8 64. Rb1 Rdb8 65. Ne3 Rd8 66. Ra4 Rb4 ({Better is} 66... Rdb8 $14) 67. Nd5 $16 Rxd5 $4 {[%mdl 8192]} (67... Rb7 $16 68. Rba1 Rxd5 69. exd5+ Kxd5) 68. exd5+ $18 Kxd5 {[#]} 69. Rxb4 $1 cxb4+ $16 {[%mdl 4096] Endgame KR-KB} 70. Kd2 Bb6 71. Rc1 Bc5 72. Rc4 Kd6 73. f4 Kd5 74. fxe5 fxe5 75. Kc2 Kd6 76. Re4 Kd5 77. Re1 Be7 78. Re2 Bc5 79. Re4 Bd6 80. Kd2 Be7 81. Ke2 Bc5 82. Rc4 Kd6 {[#]} 83. g5 $1 {[%cal Bg4g5,Bg5g6][%mdl 544] White is clearly winning.} Kd5 (83... e4 $142 84. Rxe4 Kd5 85. gxh6 gxh6) (83... hxg5 84. Rg4) 84. g6 $18 Kd6 85. Rc1 Ke6 {Precision: White = 67%, Black = 34%.} 1-0

[Event "DEN-chT XtraCon 2018-19"]
[Site "Denmark"]
[Date "2019.02.24"]
[Round "7.5"]
[White "Vinther-Schou, Uffe"]
[Black "Pedersen, Nicolai Vesterbaek"]
[Result "1-0"]
[WhiteElo "2347"]
[BlackElo "2390"]
[Annotator "TA"]
[PlyCount "99"]
[EventDate "2018.10.27"]
[EventType "team-tourn"]
[EventCountry "DEN"]
[SourceTitle "playchess.com"]
[Source "ChessBase"]
[SourceQuality "1"]

{[%evp 16,99,45,53,39,30,104,63,60,56,186,212,225,196,182,190,190,79,112,78,125,117,145,141,133,107,101,89,127,120,136,115,112,114,116,114,107,108,126,73,73,28,25,31,30,18,39,47,52,39,45,24,18,12,9,4,55,5,92,73,428,21,26,29,20,22,64,0,61,64,166,181,162,61,231,220,484,478,603,607,602,593,575,595,559,558]} 1. e4 e6 2. d4 d5 3. e5 c5 4. c3 Qb6 5. Nf3 Nc6 6. Be2 Nh6 7. Bxh6 gxh6 8. Qd2 Bg7 9. O-O Bd7 {C02: French: Advance Variation} (9... O-O 10. Na3 f6 11. exf6 Rxf6 12. Nc2 Bd7 13. b4 cxd4 14. cxd4 a6 15. a4 Be8 16. b5 axb5 17. axb5 Rxa1 18. Rxa1 {1-0 (41) Movsesian,S (2721)-Ponomariov,R (2744) Moscow 2010}) 10. Na3 O-O-O (10... cxd4 $11 11. cxd4 O-O) 11. Nc2 Rhf8 $146 {White is slightly better.} ({Predecessor:} 11... Kb8 12. b4 c4 13. a4 Rdf8 14. Ne3 h5 15. Nh4 f6 16. f4 fxe5 17. fxe5 Nxe5 {1-0 (48) Temanlis,Y (2250)-De Sousa,J (2395) Paris 1992}) 12. b4 cxd4 (12... c4 $1 $14) 13. cxd4 $18 f6 {[%cal Rf6e5]} 14. exf6 Rxf6 15. a4 Ne7 {[%cal Bc6e7,Be7g6,Bg6e5][%mdl 32]} 16. Ne3 (16. b5 $18 {is more deadly.}) 16... Ng6 17. g3 Rxf3 18. Bxf3 Qxd4 19. Qxd4 Bxd4 20. Ra3 Kb8 21. Rd1 Ne5 22. Be2 Bb6 23. a5 Bc7 24. f4 Nc6 25. Nc2 Bd6 26. Rb3 Rc8 27. Bd3 (27. Rb2 $142) 27... e5 $16 28. Bxh7 exf4 29. gxf4 Bxf4 30. Rbd3 Rh8 31. Rf1 $1 {[%cal Rf1f4]} Bc7 32. Bf5 Ne5 {[#] ...Bxf5 is the strong threat.} 33. Rg3 {Threatens to win with Bxd7.} Ba4 34. Nd4 Bd6 35. Ra1 Bc6 (35... Be8 $11) 36. Rb1 h5 (36... Be8 $11 {remains equal.}) 37. Rg7 Ng4 $2 {[%mdl 8192]} (37... Bf8 $16 {is tougher.} 38. Rg3 (38. Nxc6+ bxc6 39. Rh7 Rxh7 $16) 38... a6) 38. Rg6 $2 (38. b5 $18 Be8 39. Rc1) 38... Bxh2+ $11 39. Kg2 Be8 {Hoping for ...Ne3+.} 40. Re6 {Threatening Bxg4.} Bf4 41. Kf3 (41. Rbe1 $1 $14 Bd7 42. Re7 Bxf5 43. Nxf5) 41... Bc7 (41... Bg5 $11) 42. Rbe1 $1 $36 {[%mdl 3072] White has compensation. White has some pressure.} Bf7 (42... Bd7 $14) 43. Re7 $18 Nh6 44. Bh3 (44. Be6 $18 Bg6 45. Bxd5 Rf8+ 46. Kg2) 44... Bg6 $2 {[#]} ({Avoid the trap} 44... Bd6 $2 45. Rd7 $18) ({Better is} 44... Rf8 $1 $14) 45. a6 $1 {[%mdl 512]} Rf8+ $2 (45... Ng4 {was worth a try.} 46. Bxg4 hxg4+ 47. Kxg4 Bh5+ 48. Kf5 bxa6 49. Nc6+ Kb7) (45... bxa6 46. Nc6+) 46. Ke2 {aiming for Rc1.White is clearly winning.} Rf4 47. Ne6 Re4+ 48. Kd1 Rxe1+ 49. Kxe1 Bg3+ 50. Ke2 {Accuracy: White = 33%, Black = 37%.} 1-0

[Event "DEN-chT XtraCon 2018-19"]
[Site "Denmark"]
[Date "2019.02.24"]
[Round "7.5"]
[White "Greger, Roland Reinhard"]
[Black "Lindfeldt, Jan Magnus"]
[Result "0-1"]
[WhiteElo "2273"]
[BlackElo "2255"]
[Annotator "TA"]
[PlyCount "108"]
[EventDate "2018.10.27"]
[EventType "team-tourn"]
[EventCountry "DEN"]
[SourceTitle "playchess.com"]
[Source "ChessBase"]
[SourceQuality "1"]

{[%evp 9,108,0,0,-33,-28,-23,-11,-54,-46,-54,-53,-54,-44,-47,-46,-54,-54,-48,-54,-48,-53,-84,-77,-112,-112,-131,-123,-112,-119,-135,-141,-141,-115,-136,-129,-137,-27,-19,-27,-35,0,0,0,0,0,0,0,0,0,0,0,0,0,0,0,0,-11,-103,-97,-109,-120,-153,-100,-83,-93,-280,-249,-408,-404,-377,-377,-340,0,-243,-253,-259,-241,-331,-336,-356,-356,-351,-352,-326,-325,-5265,-992,-1302,-1251,-1161,-1005,-917,-848,-29958,-29964,-29971,-29973,-29973,-29974,-29972,-6095]} 1. e4 e5 2. Nf3 Nc6 3. Bb5 a6 4. Bxc6 dxc6 5. d3 f6 6. Nbd2 {[%cal Bb1d2,Bd2b3,Bb3c1,Bc1e2,Be2g3,Bg3f5][%mdl 32] C68: Ruy Lopez: Exchange Variation, sidelines} (6. Be3 Ne7 7. Nbd2 Ng6 8. d4 Bg4 9. h3 exd4 10. Bxd4 Be6 11. Be3 c5 12. Qe2 Qd7 13. O-O O-O-O {0-1 (42) Indjic,A (2546)-Smirin,I (2650) Jerusalem 2015}) 6... Ne7 7. Nb3 $146 ({Predecessor:} 7. h3 c5 8. Nc4 Nc6 9. O-O Nd4 10. c3 Nxf3+ 11. Qxf3 Be6 12. Rd1 Be7 13. Ne3 c6 {0-1 (56) Ramirez,A-Buitrago,J (2062) Cali 2016}) 7... Ng6 8. h4 {The position is equal.} h5 9. Be3 a5 10. a3 a4 11. Nc1 Bg4 12. Qd2 Qd7 13. Ne2 c5 14. Qc3 b6 15. Ng3 Bd6 16. O-O-O Ne7 17. Rde1 Nc6 18. Nf5 Nd4 19. Bxd4 cxd4 20. Qc4 Bf8 21. Nd2 b5 22. Qa2 c6 (22... g6 $17 {Strongly threatening ...0-0-0.} 23. f3 gxf5 24. fxg4 fxg4) 23. f3 $1 $11 {[%cal Rf3g4]} Bxf5 24. exf5 Qxf5 {[#]} 25. f4 $1 {[%mdl 512]} Bd6 (25... Qxf4 26. Qe6+) 26. Rhf1 Qd7 27. fxe5 Bxe5 28. Nf3 O-O-O $1 29. Nxe5 fxe5 30. Rf7 Qg4 {And now ...Rhe8 would win.} 31. Re4 Qg6 $36 {[%mdl 2048] Threatening ...Rd5. Black fights for an advantage.} 32. Rxe5 Rhe8 33. Rfe7 (33. Rxe8 $11 {keeps the balance.} Rxe8 34. b4) 33... Rxe7 $17 34. Rxe7 {[%mdl 4096] Endgame KQR-KQR} Rd5 35. Re1 Qxg2 (35... Qf6 $142 36. b4 Qxh4) 36. b3 Qf2 37. Kd1 $2 (37. Re4 $17) 37... Qf3+ ({But not} 37... Qxh4 38. bxa4 Qg4+ 39. Kc1 $19) 38. Kd2 $2 (38. Kc1 {was forced.}) 38... Qf4+ $19 39. Kd1 Qg4+ 40. Kd2 Qf4+ 41. Kd1 axb3 42. Qxb3 Qxh4 43. a4 Qg4+ 44. Kd2 Qf4+ 45. Kd1 Kb7 46. Qb4 Re5 47. axb5 $2 (47. Rxe5 Qxe5 48. axb5) 47... Rxe1+ (47... Qf3+ $142 48. Kc1 Rxe1+ 49. Kb2 Qe3 50. bxc6+ Kxc6 51. Qc4+ Kd6 52. Qb4+ Ke6 53. Qb6+ Kf5) 48. Kxe1 {KQ-KQ} Qc1+ {[%mdl 64] Double Attack} 49. Kf2 Qxc2+ {[%mdl 64] Double Attack} 50. Kg1 Qxd3 51. bxc6+ Kxc6 {Black mates.} 52. Qa4+ Kd6 53. Qb4+ Ke6 54. Qb6+ Kf7 {Accuracy: White = 50%, Black = 80%.} (54... Kf5 $142 55. Qa7 Qe3+ 56. Kg2 g5 57. Qf7+ Kg4 58. Qc4 Qe4+ 59. Kg1 h4 60. Kf2 h3 61. Qb3 d3 62. Qd1+ Kf5 63. Qh5 {[#]} Qe2+ $1 {[%mdl 512]} 64. Qxe2 dxe2 65. Kxe2 h2 66. Ke3 h1=Q 67. Kd3 Qd5+ 68. Kc2 g4 69. Kc3 g3 70. Kc2 g2 71. Kb2 g1=Q 72. Kc3 Qa1+ 73. Kc2 Qdd1#) 0-1

[Event "DEN-chT XtraCon 2018-19"]
[Site "Denmark"]
[Date "2019.02.24"]
[Round "7.5"]
[White "Skaanning-Pedersen, Kim Henrik"]
[Black "Rathlev, Jakob"]
[Result "1/2-1/2"]
[WhiteElo "2210"]
[BlackElo "2229"]
[Annotator "TA"]
[PlyCount "41"]
[EventDate "2018.10.27"]
[EventType "team-tourn"]
[EventCountry "DEN"]
[SourceTitle "playchess.com"]
[Source "ChessBase"]
[SourceQuality "1"]

{[%evp 16,41,14,-12,30,32,42,-6,16,19,15,18,54,27,43,40,67,41,44,41,39,40,34,11,86,68,123,109]} 1. Nf3 d5 2. c4 e6 3. b3 Nf6 4. g3 Be7 5. Bg2 O-O 6. O-O b6 7. Bb2 Bb7 8. e3 c5 9. cxd5 exd5 {A14: English Opening: 1...e6 with b3 by White} (9... Nxd5 10. d4 Nd7 11. Qe2 Rc8 12. Rd1 N5f6 13. Nc3 cxd4 14. Nxd4 Bxg2 15. Kxg2 Rc5 16. Rac1 Ne5 17. e4 Qa8 18. f3 Rfc8 {½-½ (35) Alonso Rosell,A (2528)-Stopa,J (2540) Montcada 2015}) 10. d4 Nc6 11. Qe2 Nb4 $146 {The position is equal.} ({Predecessor:} 11... Re8 12. Rd1 Qc7 13. Nc3 Rad8 14. Rac1 Qb8 15. dxc5 bxc5 16. Na4 Nb4 17. Nxc5 Bxc5 18. Bxf6 {1-0 (31) Szobries,H (1931)-Boesel,A (2017) Dortmund 2008}) 12. Nc3 Ba6 13. Nb5 Qe8 14. a4 Ne4 15. Rfc1 Nd6 {[%cal Rd6b5]} 16. Nxd6 Bxd6 17. Qd2 Nd3 18. Rd1 c4 19. bxc4 Nxb2 (19... dxc4 $11 {remains equal.} 20. Bc3 Bb7) 20. Qxb2 $16 Bxc4 (20... dxc4 $14 21. Nd2 Rc8) 21. Nd2 {Accuracy: White = 60%, Black = 14%.} 1/2-1/2

[Event "DEN-chT XtraCon 2018-19"]
[Site "Denmark"]
[Date "2019.02.24"]
[Round "7.6"]
[White "Hansen, Mads"]
[Black "Christensen, Tobias"]
[Result "1-0"]
[WhiteElo "2409"]
[BlackElo "2351"]
[Annotator "TA"]
[PlyCount "49"]
[EventDate "2018.10.27"]
[EventType "team-tourn"]
[EventCountry "DEN"]
[SourceTitle "playchess.com"]
[Source "ChessBase"]
[SourceQuality "1"]

{[%evp 21,49,46,63,35,34,4,65,30,22,24,120,57,312,320,331,182,182,181,464,465,447,456,736,770,1235,1254,29989,29990,29992,29993]} 1. e4 c5 2. Nf3 d6 3. d4 cxd4 4. Nxd4 Nf6 5. Nc3 g6 6. Be3 Bg7 7. f3 O-O 8. Qd2 Nc6 9. O-O-O d5 10. Qe1 e6 11. h4 Qc7 12. Kb1 {B76: Sicilian Dragon: Yugoslav Attack, 9 g4 and 9 0-0-0} (12. exd5 Nxd5 13. Ndb5 Qe5 14. Bc5 Qxe1 15. Rxe1 Rd8 16. Nxd5 Rxd5 17. Be3 Rd7 18. Be2 a6 19. Nc3 b5 {1-0 (59) Harikrishna,P (2737)-Grandelius,N (2628) Germany 2015}) 12... dxe4 13. fxe4 $146 ({Predecessor:} 13. Ndb5 Qe7 14. Bf4 Rd8 15. Bd6 Rxd6 16. Nxd6 exf3 17. gxf3 Nh5 18. Nce4 f5 19. Ng5 Bd7 {1-0 (41) Rasmussen,A (2487)-Chatalbashev,B (2547) Kolding 2016}) 13... Ng4 (13... Rd8 $11) 14. Bg1 {White is slightly better.} h5 15. Be2 {next Bxg4 is good for White.} f5 (15... Rd8 $11 16. Nxc6 Rxd1+ 17. Bxd1 Qxc6) 16. Bxg4 ({White should play} 16. exf5 $16 {Black must now prevent Bxg4.} exf5 17. Ndb5) 16... hxg4 $2 {[%mdl 8192] [#]} ({Better is} 16... fxg4 $14 17. Nxc6 Qxc6) 17. h5 $18 g5 18. h6 (18. exf5 $142 Bxd4 19. Bxd4 Rxf5 20. Qe4) 18... Bxd4 19. Nb5 $36 {[%mdl 2048] White has strong initiative.} ({Don't take} 19. Rxd4 $6 Nxd4 20. Bxd4 Kh7 $16) 19... Qh7 $2 (19... Qe7 {was worth a try.}) 20. Nxd4 ({Not} 20. Bxd4 e5 $18) 20... Bd7 21. exf5 Rae8 (21... e5 $142 22. Nxc6 bxc6 23. Qxe5 Rxf5) 22. Rh5 exf5 23. Rxg5+ Kh8 {[#]} 24. Nxc6 $1 {[%mdl 512]} Qxh6 (24... bxc6 25. Qc3+) 25. Qc3+ {Accuracy: White = 58%, Black = 13%.} 1-0

[Event "DEN-chT XtraCon 2018-19"]
[Site "Denmark"]
[Date "2019.02.24"]
[Round "7.6"]
[White "Rosenkilde, Alexander"]
[Black "Skjoldager, Per"]
[Result "1-0"]
[WhiteElo "2248"]
[BlackElo "2054"]
[Annotator "TA"]
[PlyCount "53"]
[EventDate "2018.10.27"]
[EventType "team-tourn"]
[EventCountry "DEN"]
[SourceTitle "playchess.com"]
[Source "ChessBase"]
[SourceQuality "1"]

{[%evp 19,53,86,89,99,99,91,105,97,107,106,105,110,116,97,272,205,195,205,272,260,247,204,208,207,231,221,535,495,997,997,993,982,933,524,948,764]} 1. d4 Nf6 2. c4 e6 3. g3 d5 4. Bg2 b6 5. cxd5 exd5 6. Nc3 Bb7 7. Nf3 Nbd7 8. O-O Be7 9. Ne5 O-O 10. Qa4 Nb8 11. Rd1 {E18: Queen's Indian: Old Main Line (4 g3 Bb7 5 Bg2 Be7 6 0-0 0-0 7 Nc3)} Qe8 (11... a6 12. Bg5 Ne4 13. Bf4 Nxc3 14. bxc3 b5 15. Qb3 c6 16. e4 dxe4 17. Bxe4 Qc8 18. Re1 Bf6 {1-0 (40) Wang,Y (2734)-Khamrakulov,D (2509) Ha Long City 2009}) 12. Qb3 {[%cal Rc3d5]} c6 {[#]} 13. e4 $1 {White is better.} dxe4 14. Nxe4 Nxe4 $146 ({Predecessor:} 14... Nbd7 15. Ng5 Nxe5 16. dxe5 Nd5 17. Ne4 Rd8 18. Kh1 Qd7 {½-½ (43) Jiretorn,E (2085)-Zavatta,B Yerevan 1996}) 15. Bxe4 Bf6 16. Bf4 g5 $2 (16... Bxe5 $16 {was necessary.} 17. dxe5 (17. Bxe5 Nd7 $14) 17... Nd7) 17. Bd2 {[#] Qf3 is the strong threat.} Nd7 18. Qf3 {Qf5 would kill now.} Bxe5 19. dxe5 $40 {[%mdl 128] White attacks with force.} f5 20. exf6 (20. Bxf5 Nxe5 21. Qb3+ Rf7) 20... Nxf6 21. Bc2 h6 22. Bb4 {Hoping for Re1.} Rf7 $2 (22... c5 23. Qxb7 cxb4) 23. Re1 $18 {White is clearly winning.} c5 (23... Qd7 $142 24. Rad1 c5) 24. Rxe8+ Rxe8 25. Qf5 cxb4 26. Bb3 {Intending Qxf6 and mate.} Nd5 27. Bxd5 {Accuracy: White = 81%, Black = 43%.} 1-0

[Event "DEN-chT XtraCon 2018-19"]
[Site "Denmark"]
[Date "2019.02.24"]
[Round "7.6"]
[White "Lauridsen, Jesper Morch"]
[Black "Skousen, Nikolai"]
[Result "1-0"]
[WhiteElo "2229"]
[BlackElo "2234"]
[Annotator "TA"]
[PlyCount "57"]
[EventDate "2018.10.27"]
[EventType "team-tourn"]
[EventCountry "DEN"]
[SourceTitle "playchess.com"]
[Source "ChessBase"]
[SourceQuality "1"]

{[%evp 14,57,45,-3,5,0,-1,-3,0,-3,0,0,14,8,0,-26,-25,-27,-33,-71,-17,-17,-18,-37,9,25,47,52,60,55,49,60,206,162,172,164,364,363,346,330,516,525,491,468,912,817]} 1. e4 c5 2. Nf3 g6 3. d4 cxd4 4. c3 Bg7 5. cxd4 d5 6. e5 Bg4 7. Bb5+ Nc6 8. Nc3 Rc8 {B27: Sicilian: 2 Nf3, unusual Black 2nd moves} 9. h3 Bxf3 $1 10. Qxf3 e6 {The position is equal.} 11. O-O Nge7 12. Bg5 h6 13. Bxc6+ $146 ({Predecessor:} 13. Bxe7 Qxe7 14. a3 O-O 15. Bxc6 Rxc6 16. Rac1 {0-1 (33) Serna,J (2036)-Gdanski,J (2488) Brownsville 2016}) 13... Rxc6 14. Bf6 Bxf6 15. Qxf6 O-O 16. Qf4 Nf5 (16... Qb6 $17 17. Qd2 Nf5) 17. g4 $11 Qh4 18. Ne2 {[%cal Bc3e2,Be2g1,Bg1f3][%mdl 32]} Ng7 19. Kg2 Rc2 {[%mdl 64] [#] Double Attack} 20. Ng1 $1 {[%cal Rg1f3] Threatens to win with Nf3.} Kh7 ({But not} 20... Rxb2 $2 21. Qc1 $18) 21. Rac1 $1 $36 {[%cal Rc1c2][%mdl 2048] White is pushing.} Rxb2 22. Rc7 $1 Qg5 (22... Qd8 $1 $14 23. Rfc1 (23. Rxf7 Rxf7 24. Qxf7 Qc8 $11) 23... f5) 23. Qxg5 $18 hxg5 24. Nf3 f6 $2 (24... Kh6 25. Rh1 Ne8) 25. exf6 Rxf6 26. Rc8 ({Less strong is} 26. Nxg5+ Kg8 $16) 26... Nf5 (26... Nh5 $142 27. gxh5 gxh5) 27. gxf5 {White is clearly winning.} gxf5 28. Rfc1 {[#] R1c7+ would kill now.} f4 (28... Rg6 $142 29. R1c7+ Rg7 30. Nxg5+ Kh6 31. Rxg7 Kxg7 32. Nxe6+ Kf6) 29. Ne5 {Accuracy: White = 75%, Black = 33%.} 1-0

[Event "DEN-chT XtraCon 2018-19"]
[Site "Denmark"]
[Date "2019.02.24"]
[Round "7.6"]
[White "Nordenbaek, Jan"]
[Black "Salomon, Johan"]
[Result "0-1"]
[WhiteElo "2165"]
[BlackElo "2488"]
[Annotator "TA"]
[PlyCount "84"]
[EventDate "2018.10.27"]
[EventType "team-tourn"]
[EventCountry "DEN"]
[SourceTitle "playchess.com"]
[Source "ChessBase"]
[SourceQuality "1"]

{[%evp 12,84,-21,-35,-40,-55,-53,-59,0,0,0,0,0,3,56,36,54,41,37,37,58,12,17,-8,-16,-19,-18,-9,-11,-14,-12,-18,-13,-15,-14,-17,-2,-9,0,0,36,36,36,0,0,0,25,25,23,0,10,0,0,0,0,0,0,0,0,0,0,0,0,-17,0,-141,-136,-175,-106,-470,-470,-442,-302,-422,-423]} 1. e4 e5 2. Nf3 Nc6 3. c3 d5 4. Qa4 f6 5. Bb5 Nge7 6. exd5 Qxd5 7. O-O e4 {C44: Ponziani Opening and Scotch Gambit} (7... Bd7 8. d4 a6 9. c4 Qd6 10. dxe5 fxe5 11. Rd1 Qe6 12. Nc3 Rc8 13. Ng5 Qg4 14. h3 axb5 15. Qxb5 Qf5 16. Qxb7 Nd4 17. Nb5 Bc6 18. Qa6 Nxb5 19. cxb5 Ra8 20. g4 Qc2 21. Rd2 Qg6 {0-1 (21) Durarbayli,V (2627)-So,W (2822) chess.com INT 2017}) 8. Nd4 Bd7 9. Nxc6 Bxc6 ({Black should play} 9... Nxc6 $15 10. Qb3 Qf5) 10. Bxc6+ $11 Nxc6 11. Re1 f5 12. d4 Be7 $146 ({Black should try} 12... Bd6 $11) ({Predecessor:} 12... Bd6 13. Qb3 Qxb3 14. axb3 Kd7 15. b4 {0-1 (48) Karthikeyan,M (2299)-Vidit,S (2501) Kolkata 2012}) 13. Nd2 $14 O-O 14. Qb3 Qxb3 15. axb3 Bf6 16. b4 a5 17. b5 Na7 $36 {[%mdl 2048] Black has good play.} 18. Rxa5 {Hoping for b6!} b6 19. Ra4 Nxb5 20. Rxa8 Rxa8 21. f3 exf3 22. Nxf3 Ra2 23. Ne5 Nd6 24. Nd3 Kf7 25. Bf4 g5 (25... Nc4 {is interesting.} 26. Bxc7 Nxb2 27. Nb4 Ra5 28. Kf1 Na4) 26. Bxd6 cxd6 {[%mdl 4096] Endgame KRB-KRN} 27. Re2 h5 28. Kf2 h4 29. Nb4 Ra5 30. Nc6 Ra4 31. Ke3 Ra1 32. Kf2 $1 g4 33. Re1 $1 {[%cal Re1a1]} Ra2 34. Re2 Ra1 35. Re1 $1 {[%cal Re1a1]} Ra2 36. Re2 Ra4 37. Kf1 Bg5 38. g3 (38. Re1 $11) 38... h3 39. Nb4 {[#]} f4 (39... Ra1+ $1 $19 40. Re1 Rxe1+ 41. Kxe1 Be3) 40. Kf2 $2 {[%mdl 8192] [#]} (40. Re1 $17 {nothing else works.}) 40... Ra1 $1 $19 41. gxf4 Bh4+ 42. Ke3 g3 {Accuracy: White = 46%, Black = 56%.} 0-1

[Event "DEN-chT XtraCon 2018-19"]
[Site "Denmark"]
[Date "2019.02.24"]
[Round "7.7"]
[White "Ahlander, Bjorn"]
[Black "Svenninggaard, Thomas"]
[Result "1-0"]
[WhiteElo "2422"]
[BlackElo "2120"]
[Annotator "TA"]
[PlyCount "72"]
[EventDate "2018.10.27"]
[EventType "team-tourn"]
[EventCountry "DEN"]
[SourceTitle "playchess.com"]
[Source "ChessBase"]
[SourceQuality "1"]

{[%evp 14,72,73,45,54,38,34,25,24,14,13,14,20,21,10,0,0,0,0,0,0,0,7,-6,-3,-3,-3,-10,-3,-11,-3,-5,-5,-7,0,-11,0,0,0,0,0,0,8,0,6,0,7,3,20,0,32,18,16,0,19,0,15,0,0,0,11]} 1. d4 d6 2. Nf3 Nf6 3. c4 g6 4. Nc3 Bg7 5. e4 O-O 6. Be2 b6 7. O-O Bb7 8. d5 a5 {E91: King's Indian: Classical: 6 Be2, unusual replies including 6...c5 and 6...Bg4} (8... e6 9. Bf4 Nbd7 10. Qc2 Nh5 11. Bg5 Qe8 12. Nd2 h6 13. Be3 Nhf6 14. Rae1 a5 15. a3 Ne5 16. h3 {1-0 (68) Ruck,R (2505)-Pap,M (2482) Biograd na Moru 2018}) 9. Re1 $146 ({Predecessor:} 9. Ne1 Nbd7 10. Be3 Nc5 11. f3 Re8 12. Nd3 c6 13. dxc6 Bxc6 14. Nxc5 bxc5 15. Qc2 Nd7 16. Rad1 {1-0 (52) Rania,S (1893)-Figueroa,A (1739) Batumi 2018}) 9... Na6 10. h3 Nc5 {White has an edge.} 11. Bf1 Nfd7 12. Qc2 e5 13. b3 f5 14. Rb1 Nxe4 15. Nxe4 fxe4 16. Ng5 Nc5 17. Nxe4 Nxe4 18. Rxe4 Bc8 19. Bd3 Bf5 20. Re2 Qh4 21. Be4 Rf7 22. Bd2 Bh6 {[#] And now ...Bxe4 would win.} 23. Be1 Raf8 24. a3 Qe7 25. b4 axb4 26. axb4 Ra8 27. f3 Rff8 28. Bf2 Ra3 29. c5 bxc5 30. bxc5 Bxe4 31. Rxe4 Bf4 32. cxd6 cxd6 {The position is equal.} 33. Qc6 Rf7 34. Reb4 Qc7 35. Qe8+ Kg7 $1 36. Rb6 Rc3 {[%mdl 32768] Accuracy: White = 57%, Black = 46%. . Loss on time!?} 1-0